[Event "HUN-chT2 Barcza 0809"]
[Site "Hungary"]
[Date "2009.02.22"]
[Round "8.5"]
[White "Csema, Tamas"]
[Black "Orosz, Laszlo"]
[Result "1/2-1/2"]
[WhiteElo "2033"]
[BlackElo "2038"]
[PlyCount "32"]
[EventDate "2008.10.26"]
[EventType "team-tourn"]
[EventRounds "11"]
[EventCountry "HUN"]
[SourceTitle "EXT 2010"]
[Source "ChessBase"]
[SourceDate "2010.11.25"]
[SourceVersion "1"]
[SourceVersionDate "2010.11.25"]
[SourceQuality "1"]
[WhiteTeam "Miskolc EMSE II"]
[BlackTeam "TEVA SE"]
[WhiteTeamCountry "HUN"]
[BlackTeamCountry "HUN"]

1. e4 Nf6 2. Nc3 d5 3. exd5 Nxd5 4. Nf3 Bg4 5. d4 e6 6. Be2 Nc6 7. Nxd5 Qxd5 8. c3 Be7 9. Qb3 0-0-0 10. Qxd5 Rxd5 11. Bf4 Bf6 12. 0-0-0 Re8 13. Kc2 e5 14. dxe5 Rxd1 15. Rxd1 Bxe5 16. Nxe5 Nxe5 1/2-1/2

[Event "HUN-chT2 Barcza 0809"]
[Site "Hungary"]
[Date "2009.01.25"]
[Round "6.8"]
[White "Orosz, Laszlo"]
[Black "Bobak, Sandor"]
[Result "1/2-1/2"]
[WhiteElo "2038"]
[BlackElo "1922"]
[PlyCount "40"]
[EventDate "2008.10.26"]
[EventType "team-tourn"]
[EventRounds "11"]
[EventCountry "HUN"]
[SourceTitle "EXT 2010"]
[Source "ChessBase"]
[SourceDate "2010.11.25"]
[SourceVersion "1"]
[SourceVersionDate "2010.11.25"]
[SourceQuality "1"]
[WhiteTeam "TEVA SE"]
[BlackTeam "Debrecen Betu"]
[WhiteTeamCountry "HUN"]
[BlackTeamCountry "HUN"]

1. d4 Nf6 2. e3 d5 3. Bd3 e6 4. Nd2 c5 5. c3 Nc6 6. f4 cxd4 7. exd4 Bd6 8. Qf3 Bd7 9. Ne2 Rc8 10. 0-0 Ne7 11. g4 0-0 12. g5 Ne8 13. Qh5 g6 14. Qh6 Ng7 15. Ng3 Nef5 16. Nxf5 exf5 17. Qh4 Re8 18. Nf3 Qb6 19. Rf2 Bb5 20. Bc2 Re2 1/2-1/2

[Event "HUN-chT2 Maroczy 0708"]
[Site "Hungary"]
[Date "2008.03.30"]
[Round "9"]
[White "Orosz, Laszlo"]
[Black "Gal, Peter1111"]
[Result "1/2-1/2"]
[WhiteElo "2044"]
[BlackElo "2102"]
[PlyCount "78"]
[EventDate "2007.10.14"]
[EventType "team"]
[EventRounds "11"]
[EventCountry "HUN"]
[SourceTitle "EXT 2009"]
[Source "ChessBase"]
[SourceDate "2008.11.26"]
[SourceVersion "1"]
[SourceVersionDate "2008.11.26"]
[SourceQuality "1"]
[WhiteTeam "Teva"]
[BlackTeam "Fuzesabony"]
[WhiteTeamCountry "HUN"]
[BlackTeamCountry "HUN"]

1. d4 g6 2. e3 Bg7 3. Bd3 b6 4. f4 Bb7 5. Nf3 e6 6. 0-0 Nf6 7. Nbd2 d5 8. Qe2 0-0 9. Ne5 c5 10. c3 Nc6 11. g4 Nxe5 12. fxe5 Nd7 13. e4 cxd4 14. cxd4 Rc8 15. Nf3 dxe4 16. Bxe4 Bxe4 17. Qxe4 Rc4 18. b3 Rb4 19. Ba3 Qe7 20. Qb7 a5 21. Bxb4 axb4 22. Rac1 Rd8 23. g5 h6 24. h4 hxg5 25. hxg5 Qe8 26. Rc7 Bf8 27. Rf2 Be7 28. Rh2 Bf8 29. Rhc2 Nxe5 30. Nxe5 Rxd4 31. Nxf7 Rd1+ 32. Kg2 Rd5 33. Nh6+ Bxh6 34. Qxd5 exd5 35. Rc8 Qxc8 36. Rxc8+ Bf8 37. Rd8 Kf7 38. Rxd5 Ke6 39. Rd2 Bc5 1/2-1/2

[Event "HUN-chT2 Barcza 0405"]
[Site "Hungary"]
[Date "2005.02.06"]
[Round "7"]
[White "Orosz, Laszlo"]
[Black "Mozer, Sandor"]
[Result "1/2-1/2"]
[WhiteElo "2054"]
[BlackElo "2020"]
[PlyCount "22"]
[EventDate "2004.09.26"]
[EventType "team"]
[EventRounds "11"]
[EventCountry "HUN"]
[SourceTitle "EXT 2009"]
[Source "ChessBase"]
[SourceDate "2008.11.26"]
[SourceVersion "1"]
[SourceVersionDate "2008.11.26"]
[SourceQuality "1"]
[WhiteTeam "DEAC"]
[BlackTeam "Szabolcs Volan"]
[WhiteTeamCountry "HUN"]
[BlackTeamCountry "HUN"]

1. e4 c5 2. Nf3 d6 3. b3 Nf6 4. d3 Nc6 5. Bb2 e6 6. g3 Be7 7. Bg2 Qc7 8. Nbd2 0-0 9. 0-0 d5 10. Re1 b6 11. Rc1 Bb7 1/2-1/2

[Event "HUN-chT2 Barcza 0405"]
[Site "Hungary"]
[Date "2004.09.26"]
[Round "1"]
[White "Baranyai, Szabolcs"]
[Black "Orosz, Laszlo"]
[Result "1-0"]
[WhiteElo "2006"]
[BlackElo "2054"]
[PlyCount "53"]
[EventDate "2004.09.26"]
[EventType "team"]
[EventRounds "11"]
[EventCountry "HUN"]
[SourceTitle "EXT 2009"]
[Source "ChessBase"]
[SourceDate "2008.11.26"]
[SourceVersion "1"]
[SourceVersionDate "2008.11.26"]
[SourceQuality "1"]
[WhiteTeam "Hajduszoboszlo"]
[BlackTeam "DEAC"]
[WhiteTeamCountry "HUN"]
[BlackTeamCountry "HUN"]

1. e4 Nf6 2. e5 Nd5 3. d4 d6 4. c4 Nb6 5. exd6 cxd6 6. Nf3 g6 7. Nc3 Bg7 8. Be3 Bg4 9. h3 Bxf3 10. Qxf3 Nc6 11. Rd1 0-0 12. Be2 Qe8 13. h4 e5 14. d5 Ne7 15. h5 f5 16. Bg5 a6 17. Qh3 Kf7 18. g4 Qd7 19. Rg1 Ke8 20. Bxe7 Qxe7 21. hxg6 hxg6 22. Qh7 fxg4 23. Qxg6+ Kd8 24. Rxg4 Bf6 25. Ne4 Nd7 26. Rd3 Kc7 27. c5 1-0

[Event "Szombathely op"]
[Site "Szombathely"]
[Date "2004.07.22"]
[Round "5"]
[White "Gaber, Jozsef"]
[Black "Orosz, Laszlo"]
[Result "1-0"]
[WhiteElo "2155"]
[BlackElo "2054"]
[PlyCount "55"]
[EventDate "2004.07.19"]
[EventType "swiss"]
[EventRounds "9"]
[EventCountry "HUN"]
[SourceTitle "EXT 2008"]
[Source "ChessBase"]
[SourceDate "2007.11.25"]
[SourceVersion "1"]
[SourceVersionDate "2007.11.25"]
[SourceQuality "1"]

1. e4 Nf6 2. e5 Nd5 3. d4 d6 4. Nf3 g6 5. h3 Bg7 6. Be2 Nc6 7. c4 Nb6 8. exd6 cxd6 9. 0-0 Bf5 10. Nc3 0-0 11. Be3 d5 12. g4 Be6 13. c5 Nd7 14. Bb5 Nf6 15. Re1 h5 16. Ng5 Bc8 17. Be2 hxg4 18. hxg4 e5 19. dxe5 Nxe5 20. f3 Re8 21. Bf4 b6 22. Bb5 Ned7 23. Rxe8+ Qxe8 24. Bc6 Ba6 25. Nxd5 Nxd5 26. Bxd5 Qe7 27. Bxa8 Qxc5+ 28. Kg2 1-0

[Event "Szombathely op"]
[Site "Szombathely"]
[Date "2004.07.20"]
[Round "3"]
[White "Kincs, Imre"]
[Black "Orosz, Laszlo"]
[Result "1/2-1/2"]
[WhiteElo "2251"]
[BlackElo "2054"]
[PlyCount "61"]
[EventDate "2004.07.19"]
[EventType "swiss"]
[EventRounds "9"]
[EventCountry "HUN"]
[SourceTitle "EXT 2008"]
[Source "ChessBase"]
[SourceDate "2007.11.25"]
[SourceVersion "1"]
[SourceVersionDate "2007.11.25"]
[SourceQuality "1"]

1. d4 e6 2. Nf3 f5 3. g3 b6 4. Bg2 Bb7 5. c4 Nf6 6. 0-0 Be7 7. Nc3 Bb4 8. Bg5 Bxc3 9. bxc3 0-0 10. a4 Nc6 11. Bxf6 Rxf6 12. Ne5 Na5 13. Bxb7 Nxb7 14. Qd3 Na5 15. f4 d6 16. Nf3 Qe8 17. Ra2 Qc6 18. Nd2 Rh6 19. Re1 Rf8 20. d5 Qc5+ 21. e3 e5 22. Kg2 e4 23. Qd4 Qxd4 24. cxd4 Rc8 25. Rc1 c6 26. Rac2 Rf6 27. g4 g6 28. Rc3 Rf7 29. gxf5 gxf5 30. dxc6 Rxc6 31. Kf2 1/2-1/2

[Event "HUN-chT2 Barcza 0304"]
[Site "Hungary"]
[Date "2003.10.05"]
[Round "2"]
[White "Ivanyi, Ferenc"]
[Black "Orosz, Laszlo"]
[Result "0-1"]
[WhiteElo "2015"]
[BlackElo "1849"]
[PlyCount "102"]
[EventDate "2003.08.29"]
[EventType "team"]
[EventRounds "11"]
[EventCountry "HUN"]
[SourceTitle "EXT 2009"]
[Source "ChessBase"]
[SourceDate "2008.11.26"]
[SourceVersion "1"]
[SourceVersionDate "2008.11.26"]
[SourceQuality "1"]
[WhiteTeam "Tiszaujvaros"]
[BlackTeam "DEAC"]
[WhiteTeamCountry "HUN"]
[BlackTeamCountry "HUN"]

1. e4 c5 2. Nf3 e6 3. d4 cxd4 4. Nxd4 a6 5. Be3 Nc6 6. Be2 Nf6 7. Nxc6 bxc6 8. Bf3 Be7 9. 0-0 0-0 10. c4 d5 11. e5 Nd7 12. cxd5 cxd5 13. Bd4 Bc5 14. Nc3 Bxd4 15. Qxd4 Qb6 16. Qxb6 Nxb6 17. b3 Bb7 18. Na4 Nxa4 19. bxa4 Bc6 20. a5 Bb5 21. a4 Bxf1 22. Kxf1 Rfc8 23. Ke2 Rab8 24. Ra3 Rc5 25. Ke3 Rxa5 26. Bd1 Rc5 27. Be2 Rc6 28. a5 Kf8 29. Bd3 g6 30. h4 h5 31. g3 Ke7 32. Kd4 Rb4+ 33. Ke3 Kd8 34. Kd2 Kc7 35. Ke3 Kb7 36. Kd2 Rb2+ 37. Ke3 Rc1 38. f4 Ka7 39. Kf3 Rc5 40. Ke3 Rbb5 41. Bxb5 axb5 42. Kd4 Rc4+ 43. Kd3 Ka6 44. Ra2 b4 45. Rb2 Kxa5 46. Ra2+ Kb6 47. Ra8 Rc7 48. Rb8+ Ka5 49. Ra8+ Kb5 50. Kd2 Kc4 51. Ra1 Kb3 0-1

[Event "Debrecen DEAC op"]
[Site "Debrecen"]
[Date "2002.10.19"]
[Round "3.13"]
[White "Balla, Andras"]
[Black "Orosz, Laszlo"]
[Result "0-1"]
[WhiteElo "1652"]
[BlackElo "1964"]
[PlyCount "88"]
[EventDate "2002.10.18"]
[EventType "swiss"]
[EventRounds "7"]
[EventCountry "HUN"]
[SourceTitle "EXT 2004"]
[Source "ChessBase"]
[SourceDate "2003.11.25"]
[SourceVersion "1"]
[SourceVersionDate "2003.11.25"]
[SourceQuality "1"]

1. Nf3 f5 2. d3 Nf6 3. g3 b6 4. Bg2 Bb7 5. 0-0 e6 6. b3 Be7 7. Bb2 h6 8. Nbd2 0-0 9. Re1 d6 10. Rc1 e5 11. e4 fxe4 12. dxe4 g5 13. Kh1 Nbd7 14. b4 Qe8 15. a3 Qg6 16. Ng1 h5 17. f3 Rf7 18. Qe2 Raf8 19. Rf1 Ne8 20. Rf2 Ng7 21. Rcf1 Ne6 22. c3 Rh7 23. Nh3 h4 24. g4 Rff7 25. Bc1 Ndf8 26. Nc4 Ba6 27. a4 Bxc4 28. Qxc4 Qf6 29. Qa6 Ng6 30. Qxa7 Bd8 31. Qa8 Rf8 32. Qd5 Kh8 33. Be3 Ngf4 34. Nxf4 gxf4 35. Bh3 fxe3 36. Re2 Nf4 37. g5 Nxd5 38. gxf6 Nf4 39. Rxe3 Nxh3 40. Ra1 Bxf6 41. a5 bxa5 42. bxa5 Rg7 43. Re2 Rfg8 44. Ree1 Nf2# 0-1